Lyrics - Leave Her Johnny (Sea Shanty) - Statistics

General Stats
  • This quiz has been taken 34 times
  • The average score is 111 of 149
Answer Stats
Hint Answer % Correct
her
92%
her"
92%
Johnny
92%
"Leave
92%
leave
92%
Leave
92%
Oh
92%
the
92%
[Chorus] Chorus
83%
for
83%
For
83%
I
83%
to
83%
wind
83%
And
79%
and
79%
it
79%
it's
79%
say
79%
time
79%
us
79%
blow
75%
heard
75%
Man
75%
Old
75%
on
75%
thought
75%
pay
67%
rotten
67%
will
67%
don't
63%
get
63%
high
63%
this
63%
Tomorrow
63%
was
63%
you
63%
your
63%
hate
58%
is
58%
No
58%
ran
58%
sail
58%
sea
58%
winds
58%
by
54%
green
54%
long
54%
She
54%
tub
54%
We
54%
went
54%
foul
50%
none
50%
shipped
50%
voyage
50%
allowed
46%
grub
46%
more
46%
grog
42%
of
42%
want
42%
go
38%
rote
38%
so
33%
But
29%
now
29%
shore
29%
we'll
29%
through
25%
we're
25%
swore
21%
No matching quizzes found
Score Distribution
Percent of People with Each Score
Percentile by Number Answered
Your Score History
You have not taken this quiz